Statistiques concernant Les joueurs de Rennes depuis 2007

Cliquez ici pour prendre le quiz!

Statistiques générales

  • Ce quiz a été pris 12 fois
  • Le résultat moyen est 26 sur 107

Statistiques - réponses

Poste Answer % Correct
MilieuRomain Danze
88%
2011GardienBenoit Costil
88%
AttaquantOusmane Dembélé
75%
AttaquantIsmaila Sarr
75%
MilieuClément Grenier
75%
2018DefenseurDamien Da Silva
75%
AttaquantM'Baye Niang
75%
2008GardienNicolas Douchez
63%
MilieuHatem Ben Arfa
63%
MilieuBenjamin André
50%
MilieuYoann Gourcuff
50%
DefenseurMexer
50%
MilieuAdrien Hunou
50%
MilieuSadio Diallo
50%
AttaquantPaul Georges Ntep
50%
DefenseurHamari Traore
50%
DefenseurDjimi Traore
50%
MilieuRomain Del Castillo
50%
MilieuBenjamin Bourigeaud
50%
2017GardienTomas Koubek
50%
DefenseurRamy Bensebaini
50%
MilieuYann M'Vila
50%
MilieuJulien Feret
38%
2007GardienSimon Pouplin
38%
2016DefenseurJoris Gnagnon
38%
AttaquantJordan Siebatcheu
38%
2015DefenseurMehdi Zeffane
38%
MilieuRomain Alessandrini
38%
MilieuAlou Diarra
38%
AttaquantJonathan Pitroipa
38%
AttaquantJimmy Briand
38%
AttaquantSylvain Wiltord
38%
MilieuJerome Leroy
38%
AttaquantJires Kembo Ekoko
38%
AttaquantMickael Pagis
38%
MilieuEtienne Didot
25%
MilieuVincent Pajot
25%
DefenseurSylvain Armand
25%
AttaquantMoussa Sow
25%
MilieuSylvain Marveaux
25%
MilieuJean II Makoun
25%
MilieuTongo Doumbia
25%
DefenseurKader Mangane
25%
AttaquantOla Toivonen
25%
AttaquantVictor Hugo Montano
25%
DefenseurOnyekachi Apam
25%
MilieuJakob Johansson
25%
MilieuGeorges Mandjeck
25%
DefenseurErik Edman
25%
MilieuJames Léa Siliki
25%
MilieuFabien Lemoine
25%
MilieuYacine Brahimi
25%
DefenseurJohn Mensah
25%
MilieuTiémoué Bakayoko
13%
MilieuClément Chantome
13%
MilieuJuan Quintero
13%
AttaquantGiovanni Sio
13%
DefenseurPedro Mendes
13%
MilieuFoued Kadir
13%
AttaquantHabib Habibou
13%
AttaquantOlivier Thomert
13%
MilieuMorgan Amalfitano
13%
DefenseurLudovic Baal
13%
MilieuPedro Henrique
13%
AttaquantKamil Grosicki
13%
AttaquantDamien Le Tallec
13%
2010GardienJohann Carrasso
13%
AttaquantRazak Boukari
13%
AttaquantAbdoul Camara
13%
DefenseurPetter Hansson
13%
2009MilieuAlexander Tettey
13%
DefenseurCarlos Bocanegra
13%
DefenseurElderson Echiejile
13%
AttaquantDaniel Moreira
13%
DefenseurKevin Theophile Catherine
13%
AttaquantDiafra Sakho
13%
DefenseurJeremy Gélin
13%
MilieuCyril Jeunechamp
13%
AttaquantYoussouf Hadji
13%
MilieuOlivier Sorlin
13%
AttaquantAdama Diakhaby
0%
AttaquantAldo Kalulu
0%
AttaquantFirmin Mubele
0%
AttaquantWahbi Khazri
0%
DefenseurRod Fanni
0%
AttaquantWesley Said
0%
DefenseurJean Armel Kana Biyik
0%
DefenseurJohn Boye
0%
MilieuStephane Dalmat
0%
DefenseurChris Mavinga
0%
AttaquantIsmael Bangoura
0%
MilieuJun'Ichi Inamoto
0%
MilieuPrince Oniangue
0%
DefenseurSamuel Souprayen
0%
AttaquantAsamoah Gyan
0%
DefenseurLucien Aubey
0%
AttaquantMevlut Erding
0%
MilieuSanjin Prcic
0%
MilieuGelson Fernandes
0%
MilieuBrunoCheyrou
0%
MilieuStephane M'Bia
0%
2014GardienOlivier Sorin
0%
2013DefenseurCheick M'Bengue
0%
2012DefenseurHerita Ilunga
0%
MilieuAxel Ngando
0%
AttaquantBenjamin Moukandjo
0%
MilieuKevin Bru
0%

Distribution des résultats

Percentile by Number Answered

% des personnes avec chaque résultat

Votre développement - résultats

Vous n’avez pas pris ce quiz